| 000 | 00547nam a22001577a 4500 | ||
|---|---|---|---|
| 003 | OSt | ||
| 005 | 20120302152116.0 | ||
| 008 | 091217t xxu||||| |||| 00| 0 eng d | ||
| 035 | _a६९८४ | ||
| 040 | _cमराठी | ||
| 245 | _aज्येष्ठता पदोन्नती आरक्षण (नियम पुस्तक) | ||
| 260 |
_aवर्धा _bगजानन _c१९९४ |
||
| 300 | _b११२; ६ पाने | ||
| 700 |
_aदातार, प्र. य. - संपा. _911480 |
||
| 942 |
_2ddc _cBOOK |
||
| 999 |
_c496190 _d496187 |
||